All Attack of the Clones Deaths- Star Wars - Statistics

General Stats
  • This quiz has been taken 43 times
  • The average score is 4 of 10
Answer Stats
Hint Answer % Correct
Decapitated by Mace Windu Jango Fett
94%
Died from injuries inflicted by Tusken Raiders Shmi Skywalker
85%
Shot with poison dart by Jango Fett Zam Wesell
70%
Gunned down by Jango Fett on Geonosis Coleman Trebor
52%
Killed after a Naboo Cruiser exploded Corde
24%
Killed when a Naboo Cruiser exploded Verse
9%
Shot by Battle Droids on Geonosis Sar Labooda
6%
Shot by Battle Droids on Geonosis Tan Yuster
6%
Killed when a Naboo Cruiser exploded Mett Habble
3%
Killed when a Naboo Cruiser exploded Theomet Dante
3%
No matching quizzes found
Score Distribution
Percent of People with Each Score
Percentile by Number Answered
Your Score History
You have not taken this quiz